|
|
|
|
| LEADER |
00987nam a2200253 a 4500 |
| 001 |
000040169417 |
| 008 |
100210s1961 nyua 001 0 eng d |
| 010 |
|
|
|a 78021551
|
| 040 |
|
|
|a VVUT
|c VVUT
|d BD-DhAAL
|
| 082 |
0 |
0 |
|a 530
|2 18
|
| 100 |
1 |
|
|a Bueche, F.
|q (Frederick),
|d 1923-
|
| 245 |
1 |
0 |
|a Schaum's outline of theory and problems of college physics /
|c by Frederick J. Bueche.
|
| 250 |
|
|
|a 6th ed.
|
| 260 |
|
|
|a New York :
|b McGraw-Hill,
|c 1961
|
| 300 |
|
|
|a 270 p. :
|b ill. ;
|c 27 cm.
|
| 490 |
0 |
|
|a Schaum's outline series in science
|
| 490 |
0 |
|
|a Schaum's outline series
|
| 500 |
|
|
|a Includes index.
|
| 541 |
|
|
|e 00011980
|
| 650 |
|
0 |
|a Physics.
|
| 740 |
0 |
|
|a Outline of theory and problems of college physics.
|
| 852 |
4 |
|
|a Ayesha Abed Library
|j General shelf
|
| 999 |
|
|
|c 7445
|d 7445
|
| 952 |
|
|
|0 0
|1 2
|2 ddc
|4 0
|6 530_000000000000000_BUE
|7 0
|9 7983
|a BRACUL
|b BRACUL
|c GEN
|d 2010-02-10
|l 14
|m 88
|o 530 BUE
|p 3010011980
|q 2017-04-11
|r 2013-07-14
|s 2013-07-14
|t 1
|w 2010-02-10
|y BK
|x Price not available in Register
|